Brites e Joane vão de aventura em Macau (Registo nº 2218)

Detalhes MARC
000 -Etiqueta do registo
Cabeçalho 00876nam a22002891 4500
005 - Identificador da versão
Campo de controlo 20240813121928.0
010 ## - Número internacional normalizado dos livros (ISBN)
Número (ISBN) 9728186266
021 ## - Número do Depósito Legal
Código do país PT
Número 145523/99
100 ## - Dados gerais de processamento
Dados gerais de processamento 20010915d2000 da y0pory5003 ba
102 ## - Pais de publicação ou produção
País de publicação Portugal
101 0# - Língua de publicação
Língua do texto, banda sonora, etc. Português
106 ## - Campo de dados codificados: material textual
Dados codificados do material textual r
105 ## - Campo de dados codificados: livros
Dados codificados dos livros a z 001yy
215 ## - Descrição física 
Indicação específica da natureza do documento e extensão da espécie 77 p.
Outras indicações físicas il.
Dimensões 24 cm
200 1# - Titulo e menção de responsabilidade
Título próprio Brites e Joane vão de aventura em Macau
Primeira menção de responsabilidade Paula Bárcia
Outras menções de responsabilidade il. Miguel Figueiredo
225 2# - Colecção 
Título próprio da colecção Brites e Joane vão de aventura
Indicação de volume 3
205 ## - Menção da edição
Menção da edição 1ª ed.
210 ## - Publicação, Distribuição, etc. 
Lugar da edição, distribuição, etc. Lisboa
Nome do editor, distribuidor, etc. Gr. de Trabalho do M. Ed. para as C. dos Desc. Portugueses
Data da publicação, distribuição, etc. 2000
606 ## - Nome comum usado como assunto
Número de registo de entrada de autoridade 0000364
Palavra de ordem Literatura portuguesa infanto-juvenil
Subdivisão de assunto Conto
675 ## - Classificação Decimal Universal (CDU)
Notação 821.134.3-34
Edição
Língua da edição por
702 #1 - Nome de autor-pessoa física (responsabilidade secundária)
Número de registo de entrada de autoridade 0001032
Palavra de ordem Figueiredo
Outra parte do nome não tomada para palavra de ordem Miguel
Código de função Ilustrador / Técnico de desenho computorizado
700 #1 - Nome de autor-pessoa física (responsabilidade principal)
Número de registo de entrada de autoridade 0001031
Palavra de ordem Bárcia
Outra parte do nome não tomada para palavra de ordem Paula
942 ## - Elementos de entrada adicionados (Koha)
Tipo de item no Koha Livro
Exemplares
Situação do levantamento Origin of item (home branch) (coded) Biblioteca de empréstimo Código de barras Cota Circulation type (not for loan) Tipo de documento Nota do exemplar Damaged status
  Biblioteca Escolar da Coca Maravilhas Biblioteca Escolar da Coca Maravilhas BECM4999/01 8POR BAR   Livro Sem mensagem